FC Bayern Kader 2012/2013 - Statistiken

Allgemein
  • Dieses Quiz wurde 488 mal gespielt
  • Das Durchschnittsergebnis liegt bei 16 aus 28
Antwortstatistiken
Nationalität Antwort % Korrekt
Deutschland Neuer
97%
Österreich Alaba
95%
Frankreich Ribery
95%
Niederlande Robben
95%
Deutschland Lahm
92%
Deutschland Schweinsteiger
88%
Deutschland Boateng
87%
Deutschland Müller
85%
Kroatien Mandzukic
76%
Brasilien Dante
73%
Deutschland Gomez
71%
Peru Pizarro
71%
Spanien Martinez
66%
Belgien Van Buyten
61%
Deutschland Kroos
60%
Schweiz Shaqiri
58%
Brasilien Rafinha
51%
Deutschland Badstuber
49%
Brasilien Gustavo
45%
Deutschland Starke
45%
Dänemark Hojbjerg
32%
Deutschland Contento
31%
Deutschland Can
22%
Ukraine Tymoshchuk
21%
Deutschland Raeder
11%
Deutschland Riedmüller
8%
Deutschland Weihrauch
7%
Deutschland Rankovic
2%
Keine übereinstimmenden Quizze gefunden
Verteilung der Resultate
Anzahl Personen mit jedem Resultat
Perzentil nach korrekt beantworteten Fragen
Ihre Resultats-Entwicklung
Sie haben dieses Quiz noch nicht gespielt